World Map Country Minesweeper Puzzle [In Testing] - Statistics

General Stats
  • This quiz has been taken 1,909 times
  • The average score is 6 of 159
Answers on the Map
Answers color-coded by a green-red scale on the quiz's map according to % correct below.
 
Answer Stats
Country % Correct
United States
39%
Canada
32%
Russia
26%
Mexico
25%
China
23%
United Kingdom
15%
Brazil
11%
Germany
9%
Guatemala
9%
Denmark
7%
North Korea
7%
France
6%
Honduras
6%
India
6%
Kazakhstan
6%
Mongolia
6%
South Korea
6%
Argentina
5%
Chile
5%
Colombia
5%
Ecuador
5%
Nicaragua
5%
Poland
5%
Portugal
5%
Spain
5%
Sweden
5%
Algeria
4%
Belize
4%
Bolivia
4%
Bosnia and Herzegovina
4%
Costa Rica
4%
Estonia
4%
Finland
4%
Indonesia
4%
Ireland
4%
Latvia
4%
Norway
4%
Peru
4%
Saudi Arabia
4%
Turkey
4%
Afghanistan
3%
Albania
3%
Angola
3%
Austria
3%
Belarus
3%
Belgium
3%
Bulgaria
3%
Chad
3%
Croatia
3%
Czech Republic
3%
Democratic Republic of the Congo
3%
Dominican Republic
3%
Egypt
3%
Georgia
3%
Greece
3%
Hungary
3%
Iran
3%
Italy
3%
Laos
3%
Lesotho
3%
Libya
3%
Lithuania
3%
Morocco
3%
Nepal
3%
Netherlands
3%
Niger
3%
Nigeria
3%
Oman
3%
Pakistan
3%
Panama
3%
Qatar
3%
Romania
3%
Samoa
3%
Serbia
3%
Slovakia
3%
Slovenia
3%
South Africa
3%
Switzerland
3%
Thailand
3%
Ukraine
3%
United Arab Emirates
3%
Uruguay
3%
Uzbekistan
3%
Yemen
3%
Andorra
2%
Armenia
2%
Azerbaijan
2%
Bangladesh
2%
Benin
2%
Bhutan
2%
Botswana
2%
Brunei
2%
Cambodia
2%
Central African Republic
2%
East Timor
2%
El Salvador
2%
Eritrea
2%
Eswatini
2%
Ethiopia
2%
Gabon
2%
Gambia
2%
Ghana
2%
Guinea
2%
Guinea-Bissau
2%
Guyana
2%
Haiti
2%
Iraq
2%
Israel
2%
Jordan
2%
Kenya
2%
Kosovo
2%
Kyrgyzstan
2%
Lebanon
2%
Liberia
2%
Liechtenstein
2%
Luxembourg
2%
Malaysia
2%
Mali
2%
Mauritania
2%
Moldova
2%
Monaco
2%
Montenegro
2%
Mozambique
2%
Myanmar
2%
Namibia
2%
North Macedonia
2%
Papua New Guinea
2%
Paraguay
2%
Republic of the Congo
2%
Rwanda
2%
San Marino
2%
Senegal
2%
Sierra Leone
2%
Somalia
2%
South Sudan
2%
Sudan
2%
Suriname
2%
Syria
2%
Tajikistan
2%
Tanzania
2%
Togo
2%
Tunisia
2%
Turkmenistan
2%
Uganda
2%
Vatican City
2%
Venezuela
2%
Vietnam
2%
Zimbabwe
2%
Burkina Faso
1%
Burundi
1%
Cameroon
1%
D3FUZE
1%
Djibouti
1%
Equatorial Guinea
1%
Ivory Coast
1%
Kuwait
1%
Malawi
1%
Singapore
1%
Zambia
1%
No matching quizzes found
Score Distribution
Percent of People with Each Score
Percentile by Number Answered
Your Score History
You have not taken this quiz